Чингис (Запис номер 113354)
[ съкратено ]
| 000 -Лидер | |
|---|---|
| Контролно поле с фиксирана дължина | 01333nam a2200313 c 4500 |
| 003 - Код на организацията, давaща контролен номер | |
| Контролно поле | BLK |
| 005 - Дата и час на последна редакция | |
| Контролно поле | 20231103005157.0 |
| 008 - Елементи от данни с фиксирана дължина | |
| fixed length control field | 180409b bul|||||r ||||||| ||bul|| |
| 010 ## - Наследен системен номер | |
| LC control number | KNG00118755000 |
| 020 ## - Международен стандартен номер на книга ISBN | |
| Международен стандартен номер на книга ISBN | 978-954-585-874-1 |
| -- | издат.: Бард - на том(кн. 1) |
| 040 ## - Източник на каталожния запис | |
| Идентификатор на билиотеката - собственик на записа | BLK |
| 041 ## - Код за език | |
| Код за езика на текст/звукозапис или на отделно заглавие | Български |
| Код за езика КДБФ | Български |
| 080 ## - УДК | |
| Текстов определител УДК | Английска литература |
| УДК код - определител по УДК | 821.111 |
| УДК определител | -311.6 |
| УДК - код + определител | 821.111-311.6 |
| 100 1# - Редна дума - Автор | |
| Автор | Игълдън, Кон, 1971- |
| Авторска отговорност | първи автор |
| Пълна форма на името | англичанин |
| R(LIN) | 72064 |
| 139 ## - Редно поле | |
| Редна дума | Игълдън, Кон |
| Авторски знак | Игр - И 30 |
| 245 10 - Сведения за заглавието | |
| Заглавие | Чингис |
| Подзаглавни данни | Кн. 1 - |
| Редно поле (дума) | Кон Игълдън; прев. от англ. Венцислав Божидаров Божилов. |
| Том | Кн. 1 |
| Заглавие на том | Степният вълк |
| 257 ## - Страна на издаване | |
| Страна на създаване/издаване | Великобритания |
| 260 ## - Област на издателските данни | |
| -- | София |
| Година на издаване | 2008 - |
| 300 ## - Физическа характеристика | |
| Размери/Мащаб | 20 см |
| 380 ## - Жанр | |
| Жанр | Худож. лит. |
| 700 ## - Други автори (авторска отговорност) | |
| Лично име | Божилов, Венцислав Божидаров |
| Звания и думи, свързани с автора | Теодосиев, Стефан, 1968- (псевдоним) |
| Дати, свързани с автора | 1968- |
| 9 (RLIN) | 367877 |
| 760 1# - Описание на основната серия | |
| -- | - на том(кн. 1) |
| Редна дума на основното описание | Игълдън, Кон |
| Място на издаване, издател и година | Бард |
| Страници - том | 416 с. : с к. |
| Забележка - том | Ориг. загл. Wolf of the Plains / Conn Iggulden. |
| Заглавие | Кн. 1 Степният вълк |
| 852 ## - Местоположение | |
| Форматна сигнатура | Цб 239222 |
| 856 4# - Електронен адрес и достъп | |
| Електронен формат | pdf - файл |
| Път до файла /url/ | |
| 856 4# - Електронен адрес и достъп | |
| Електронен формат | pdf - файл |
| Път до файла /url/ | |
| 942 ## - АРТИКУЛИ | |
| Вид на библиотечния материал | Книги |
| Скрит в OPAC | Не |
| Koha issues (borrowed), all copies | 5 |
| 944 ## - СЪЗДАВАНЕ И РЕДАКЦИЯ на ЗАПИСА | |
| Създаване/Редакция | Създаване |
| Дата на регистрацията/редакция | 25.03.2008 |
| Служител, извършил регистрацията/редакцията | |
| Статус, дата на статуса | CRON CRON |
| 944 ## - СЪЗДАВАНЕ И РЕДАКЦИЯ на ЗАПИСА | |
| Създаване/Редакция | Редакция |
| Дата на регистрацията/редакция | 05.02.2009 |
| Служител, извършил регистрацията/редакцията | |
| 999 ## - СИСТЕМНИ КОНТРОЛНИ НОМЕРА | |
| Koha biblionumber | 113354 |
| Koha biblioitemnumber | 113354 |
| Код за отписване | Код за изгубен артикул | Източник на класификационната схема | Код за повреда | Коз за рестрикции | Код за отдаване | Артикулен № | Име на библиотеката - собственик | Име на библиотеката, в която се намира в момента | Статус (Текущо местоположение) | Дата на вписване в системата | Местоположение - отдел | Цена в лева | Инвентарен номер | Систематично азбучна сигнатура | Баркод | Номер на екземпляра | Цена в евро | Служебна бележка | Служебен тип на артикула |
|---|---|---|---|---|---|---|---|---|---|---|---|---|---|---|---|---|---|---|---|
| Изтеглен | Не е изгубен | Universal Decimal Classification | Не е повреден | без рестрикции | заемане за дома | 181619 | Регионална библиотека "Любен Каравелов" Русе | Регионална библиотека "Любен Каравелов" Русе | Заемна - подръчен фонд | 2008-03-25 | Заемна - подръчен фонд | 11.25 | 120000724781 | П 820-31/И 30 | 120000724781 | 1 | 5.75 | Дост: Pk Вид: Ф N: 177 Дата: 24.03.2008 Дата инв: 23.02.2018 Бележки инв: П2018 | Книги |
| Не е изгубен | Не е повреден | без рестрикции | ползва се в читалня | 181620 | Регионална библиотека "Любен Каравелов" Русе | Регионална библиотека "Любен Каравелов" Русе | Хранилище | 2008-11-13 | Хранилище | 11.25 | 120000731416 | Цб 239222 | 120000731416 | 2 | 5.75 | Дост: Dp Вид: Д N: 29 Дата: 02.07.2008 | Книги |